000 00537nam a2200181Ia 4500
003 GCL
008 140319s9999 xx 000 0 eng d
040 _aGCL /
_cGCL
082 0 4 _a341.42
_bC K
100 1 _aCENTER FOR RESEARCH AND STUDIES
245 1 0 _aKUWAIT: STATEHOOD AND BOUNDARIES /
_cCENTER FOR RESEARCH AND STUDIES
260 _a[S.N] :
_bCENTER FOR RESEARCH AND STUDIES
300 _a187 P
650 0 4 _aKUWAIT - IRAQ
650 0 4 _aKUWAIT - INTERNATIONAL BOUDARY
650 0 4 _aIRAQ INTERNATIONAL BOUDARY
942 _2ddc
_cBK
999 _c11384
_d11384